00542nam a2200181Ia 450000500170000000800410001702000150005808200130007310000130008624500620009926000370016130000120019865000170021065000140022794200060024195200980024799900150034520250617035945.0240331s9999 xx 000 0 und d a9555732906 bPERa306 aPerera,S 0aGanika wrthiya :bbhawaya prabhavaya ha agamika mehewara aNugegodabUniversity Pressc2005 a85 p ., aProstitution aReligious cL 001040708LaWERCLbWERCLcSSCd2024-03-31l0o 306.74 PERp6311r2024-03-31w2024-03-31yL c5255d5255